| 000 | 00976cam a2200349 i 4500 | ||
|---|---|---|---|
| 999 |
_c5065 _d5065 |
||
| 001 | 333524 | ||
| 003 | OSt | ||
| 005 | 20181219191634.0 | ||
| 008 | 930706s1980 oku 000 0 eng d | ||
| 020 | _z0892760036 | ||
| 035 | _a(OCoLC)28384931 | ||
| 035 | _a(OCoLC)ocm32038587 | ||
| 035 | _a333524 | ||
| 040 |
_aPTS _beng _erda _cPTS |
||
| 049 | _aPTSS | ||
| 082 |
_a234.13 _bH145S |
||
| 090 |
_aBT123 _b.H337 1992 |
||
| 100 | 1 |
_aHagin, Kenneth E., _d1917- |
|
| 245 | 1 | 0 |
_aSeven vital steps to receiving the Holy Spirit / _cby Kenneth E. Hagin. |
| 250 | _aSecond edition. | ||
| 264 | 1 |
_aTulsa, Ok. : _bK. Hagin Ministries, _c1980. |
|
| 264 | 3 | _c[1992?] | |
| 300 |
_a30 pages ; _c22 cm |
||
| 336 |
_atext _btxt _2rdacontent |
||
| 337 |
_aunmediated _bn _2rdamedia |
||
| 338 |
_avolume _bnc _2rdacarrier |
||
| 500 | _a"Faith Library Publications." | ||
| 650 | 0 | _aBaptism in the Holy Spirit. | |
| 650 | 0 | _aGlossolalia. | |
| 942 |
_2ddc _cBK |
||
| 945 | _aMARCIVE20181205 | ||